El coronel no tiene quien le escriba

Bibliographic Details
Main Author: García Márquez, Gabriel
Format: Section = Libro
Language:Undetermined
Spanish
Published: Santafe de Bogotá Norma 1998
Subjects:
LEADER 00529nam a2200193Ia 4500
008 240829s9999 xx 000 0 und d
020 |a 958-04-3105-1 
040 |a BIBLIOTECA-RUSB/ 863.4 G216 
041 |a spa 
082 |a 863.4 G216 
100 1 |a García Márquez, Gabriel 
245 1 0 |a El coronel no tiene quien le escriba 
260 |a Santafe de Bogotá  |b Norma  |c 1998 
300 |a 102 p. 
650 7 |a NOVELA COLOMBIANA-SIGLO XIX 
650 7 |b  LITERATURA COLOMBIANA-SIGLO XIX 
942 |c BK  |2 ddc 
991 |a TEXTO 
999 |c 5506